Statistics for Countries with Burger King

Click here to take the quiz!

General Stats

  • This quiz has been taken 93 times
  • The average score is 87 of 113

Answers on the Map

Answers color-coded by a green-red scale on the quiz's map according to % correct below.
 

Answer Stats

Answer% Correct
Canada
97%
France
97%
United States
97%
Germany
95%
India
95%
Mexico
95%
United Kingdom
95%
Italy
93%
Russia
93%
Spain
93%
Sweden
93%
Argentina
92%
Brazil
92%
China
92%
Denmark
92%
Finland
92%
Ireland
92%
Japan
92%
Morocco
92%
Norway
92%
Poland
92%
Portugal
92%
Saudi Arabia
92%
Chile
90%
Egypt
90%
Turkey
90%
Australia
88%
South Africa
88%
Belgium
87%
Peru
87%
Austria
85%
Czech Republic
85%
Greece
85%
Netherlands
85%
South Korea
85%
Switzerland
85%
Thailand
85%
Colombia
83%
Indonesia
83%
Latvia
83%
Romania
83%
Albania
82%
Bolivia
82%
Croatia
82%
Estonia
82%
Hungary
82%
Israel
82%
Oman
82%
Pakistan
82%
Panama
82%
Philippines
82%
Slovakia
82%
Belarus
80%
Bosnia and Herzegovina
80%
Bulgaria
80%
Kazakhstan
80%
Malaysia
80%
Nigeria
80%
United Arab Emirates
80%
Uruguay
80%
Venezuela
80%
Vietnam
80%
Iraq
78%
Mongolia
78%
New Zealand
78%
Ecuador
77%
Kosovo
77%
Lithuania
77%
Paraguay
77%
Qatar
77%
Guyana
75%
Luxembourg
75%
Montenegro
75%
Nicaragua
75%
North Macedonia
75%
Costa Rica
73%
Dominican Republic
73%
Jamaica
73%
Suriname
73%
Bahrain
72%
Guatemala
72%
Honduras
72%
Jordan
72%
Tunisia
70%
Bahamas
68%
Myanmar
68%
Sri Lanka
68%
Kuwait
67%
Taiwan
67%
El Salvador
65%
Malta
65%
Bangladesh
63%
Cambodia
63%
Cyprus
63%
Georgia
63%
Kenya
63%
Andorra
62%
Ethiopia
60%
Lebanon
60%
Singapore
60%
Armenia
58%
Fiji
55%
Barbados
53%
Maldives
50%
Saint Lucia
50%
Antigua and Barbuda
48%
Ghana
48%
Saint Kitts and Nevis
45%
Trinidad and Tobago
45%
Brunei
42%
Ivory Coast
37%
Mauritius
37%
East Timor
35%

Score Distribution

Percentile by Number Answered

Percent of People with Each Score

Your Score History

You have not taken this quiz